| 000 | 00996nam a22002657a 4500 | ||
|---|---|---|---|
| 008 | 171012s2001 sp||||| |||| 00| 0 fra d | ||
| 020 | _a8492392592 | ||
| 082 | 0 | 4 |
_a708 _bM671d |
| 100 | 1 |
_aEscudero, Carme. _96032 |
|
| 245 |
_aJoan Miró : _bdesfilada d'obsessions / _ccuraduría por Carme Escudero y Teresa Montaner ; Fundació Joan Miró. |
||
| 250 | _a1a edición. | ||
| 260 |
_aBarcelona : _bFundació Joan Miró, _c2001. |
||
| 300 |
_a168 páginas : _bilustraciones en color. |
||
| 500 | _aCatálogo publicado con motivo a la exposición "Joan Miró: Desfilada d'obsessions", presentada del 14 de junio al 2 de setiembre de 2001, en Fundació Joan Miró. | ||
| 653 | 1 | 0 | _aArte contemporáneo |
| 653 | 1 | 0 | _aCatálogo de exhibición |
| 653 | 1 | 0 | _aExhibiciones |
| 653 | 1 | 0 | _aPintura |
| 653 | 1 | 0 | _aArte - España |
| 653 | 1 | 0 | _aPintores |
| 653 | 1 | 0 | _aArte surrealista |
| 653 | 1 | 0 | _aSurrealismo |
| 700 | 1 |
_aMontaner, Teresa. _ecuradora. _96033 |
|
| 710 | 1 |
_aFundació Joan Miró. _96034 |
|
| 999 |
_c1318 _d1318 |
||